[Event "BLITZ!"]
[Site "SchemingMind.com"]
[Date "2012.03.12"]
[Round "-"]
[White "Majoanis"]
[Black "NYNH"]
[Result "0-1"]
[WhiteCountry "CAN"]
[BlackCountry "USA"]
[WhiteElo "1887"]
[WhiteRD "54"]
[BlackElo "2071"]
[BlackRD "72"]
[GameID "305137"]

1. e4 e6 2. d4 d5 3. Nd2 c5 4. exd5 Qxd5 5. Ngf3 cxd4 6. Bc4 Qd8 7. O-O a6 8. Nb3 Nc6 9. Nbxd4 Nxd4 10. Nxd4 Qc7
11. Bb3 Bd6 12. h3 Nf6 13. Re1 O-O 14. Qe2 b5 15. a4 b4 16. Bd2 Re8 17. c3 bxc3 18. Bxc3 Bb7 19. Rac1 Rac8 20. Red1 Qb8
21. Bc2 Bf4 22. Ra1 Nd5 23. Bd2 Bxd2 24. Qxd2 Nf4 25. f3 Red8 26. Qf2 g6 27. Rac1 e5 28. Nb3 Bd5 29. Qe3 h5 30. Re1 Rxc2
31. Rxc2 Bxb3 32. Rd2 Rxd2 33. Qxd2 Bxa4 34. Qa5 Bb5 35. Rd1 Kg7 36. Rd8 Qa7+
0-1

[Event "BLITZ!"]
[Site "SchemingMind.com"]
[Date "2012.03.14"]
[Round "-"]
[White "Clive Everill"]
[Black "Erik Johnson"]
[Result "1-0"]
[WhiteCountry "CZE"]
[BlackCountry "USA"]
[WhiteElo "1791"]
[WhiteRD "54"]
[BlackElo "1655"]
[BlackRD "69"]
[GameID "305138"]

1. e4 d5 2. exd5 Qxd5 3. Nc3 Qa5 4. d4 c6 5. Nf3 Bg4 6. Bc4 e6 7. h3 Bh5 8. g4 Bg6 9. Ne5 Ne7 10. Bd2 Qd8
11. Nxg6 Nxg6 12. Be3 Bd6 13. Qd2 Nd7 14. O-O-O b5 15. Bb3 a5 16. a3 b4 17. axb4
1-0

[Event "BLITZ!"]
[Site "SchemingMind.com"]
[Date "2012.03.12"]
[Round "-"]
[White "NYNH"]
[Black "Majoanis"]
[Result "1-0"]
[WhiteCountry "USA"]
[BlackCountry "CAN"]
[WhiteElo "2071"]
[WhiteRD "72"]
[BlackElo "1887"]
[BlackRD "54"]
[GameID "305143"]

1. d4 d5 2. Nf3 e6 3. c4 Nf6 4. g3 dxc4 5. Bg2 Be7 6. O-O O-O 7. Qc2 a6 8. Qxc4 b5 9. Qc2 Bb7 10. Bd2 Be4
11. Qc1 Bb7 12. Bf4 Nd5 13. Nc3 Nxf4 14. Qxf4 Bd6 15. Qe3 Nd7 16. Rfd1 Nb6 17. Ne5 Bxg2 18. Kxg2 Bxe5 19. dxe5 Qe7 20. Ne4 Nc4
21. Qc3 Rad8 22. b3 Nb6 23. Qa5 Ra8 24. Rac1 Rfd8 25. Qc3 Nd5 26. Qc5 Kf8 27. Kf3 h6 28. Kg2 Ke8 29. Qxe7+ Kxe7 30. Nc5 b4
31. Na4 Nc3 32. Rxd8 Rxd8 33. Nxc3 bxc3 34. Kf3 Rd5 35. Rxc3 Rxe5 36. Rxc7+ Kf6 37. e4 Ra5 38. a4 g6 39. Ke3 g5 40. h3 Kg6
41. Rc6 Kf6 42. Kd4
1-0

[Event "BLITZ!"]
[Site "SchemingMind.com"]
[Date "2012.03.14"]
[Round "-"]
[White "Erik Johnson"]
[Black "Clive Everill"]
[Result "0-1"]
[WhiteCountry "USA"]
[BlackCountry "CZE"]
[WhiteElo "1655"]
[WhiteRD "69"]
[BlackElo "1791"]
[BlackRD "54"]
[GameID "305144"]

1. e4 e6 2. d4 c5 3. d5 a6 4. Nf3 d6 5. Nc3 Nf6 6. Bd3 b5 7. Bg5 Be7 8. Qd2 Bd7 9. Bxf6 Bxf6 10. Rb1 O-O
11. Qf4 c4 12. Be2 Re8 13. O-O e5 14. Qe3 Bg4 15. Nd2 Bxe2
0-1

[Event "BLITZ!"]
[Site "SchemingMind.com"]
[Date "2012.03.13"]
[Round "-"]
[White "Michal Drus"]
[Black "Quaff"]
[Result "0-1"]
[WhiteCountry "POL"]
[BlackCountry "ENG"]
[WhiteElo "1625"]
[WhiteRD "61"]
[BlackElo "1736"]
[BlackRD "82"]
[GameID "305203"]

1. e4 e5 2. Nf3 Nc6 3. d4 exd4 4. Nxd4 Nf6 5. Bg5 Be7 6. Nc3 h6 7. Bh4 Nh7 8. Nxc6 bxc6 9. Bg3 O-O 10. Bd3 d6
11. O-O f5 12. exf5 Bxf5 13. Bxf5 Rxf5 14. Re1 Rf8 15. Re3 Bf6 16. Rb1 Bxc3 17. Rxc3 c5 18. b4 cxb4 19. Rxb4 Nf6 20. Rb7 Rf7
21. Rcxc7 Rxc7
0-1

[Event "BLITZ!"]
[Site "SchemingMind.com"]
[Date "2012.03.13"]
[Round "-"]
[White "Quaff"]
[Black "Michal Drus"]
[Result "0-1"]
[WhiteCountry "ENG"]
[BlackCountry "POL"]
[WhiteElo "1736"]
[WhiteRD "82"]
[BlackElo "1625"]
[BlackRD "61"]
[GameID "305212"]

1. e4 c6 2. f4 f5 3. e5 e6 4. Nf3 Ne7 5. a3 b5 6. d4 Bb7 7. Nh4 Ng6 8. Qh5 Qxh4+ 9. Qxh4 Nxh4 10. Kf2 c5
11. c3 cxd4 12. cxd4 Nc6 13. Be3 Na5 14. Bxb5 Bxg2 15. Rg1 Rb8 16. a4 Nb3 17. Ra3 Bxa3
0-1

[Event "BLITZ!"]
[Site "SchemingMind.com"]
[Date "2012.03.16"]
[Round "-"]
[White "Iucounu"]
[Black "e_safarz"]
[Result "0-1"]
[WhiteCountry "ENG"]
[BlackCountry "CAN"]
[WhiteElo "1179"]
[WhiteRD "76"]
[BlackElo "2411"]
[BlackRD "68"]
[GameID "305533"]

1. e4 c5 2. Nf3 d6 3. Bb5+ Nd7 4. O-O a6 5. Bxd7+ Bxd7 6. e5 e6 7. d3 Ne7 8. Bg5 d5 9. Qd2 h6 10. Be3 Nf5
11. Bf4 g5 12. Nxg5 hxg5 13. Bg3 Bg7 14. Qc3 Nxg3 15. fxg3 Qc7 16. Nd2 Bxe5 17. Qa3 Bd4+ 18. Kh1 Rxh2+ 19. Kxh2 O-O-O 20. Nf3 Rh8+
21. Nh4 Rxh4#
0-1

[Event "BLITZ!"]
[Site "SchemingMind.com"]
[Date "2012.03.16"]
[Round "-"]
[White "e_safarz"]
[Black "Iucounu"]
[Result "1-0"]
[WhiteCountry "CAN"]
[BlackCountry "ENG"]
[WhiteElo "2411"]
[WhiteRD "68"]
[BlackElo "1179"]
[BlackRD "76"]
[GameID "305538"]

1. e4 c5 2. Nf3 e6 3. d4 cxd4 4. Nxd4 Bc5 5. Nc3 Nc6 6. Nb3 Bb4 7. Bd3 Nge7 8. O-O Na5 9. Nb5 Nxb3 10. axb3 a6
11. c3 Bc5 12. Be3 Bxe3 13. Nd6+ Kf8 14. fxe3 Qc7 15. Rxf7+ Kg8 16. Qf3 Ng6 17. Rf8+ Nxf8 18. Qf7#
1-0

[Event "BLITZ!"]
[Site "SchemingMind.com"]
[Date "2012.03.17"]
[Round "-"]
[White "smothered mate"]
[Black "ChessHound"]
[Result "1-0"]
[WhiteCountry "POL"]
[BlackCountry "FIN"]
[WhiteElo "1967"]
[WhiteRD "65"]
[BlackElo "1291"]
[BlackRD "174"]
[GameID "305645"]

1. e4 c5 2. Nf3 Nc6 3. c3 e6 4. Bb5 Qc7 5. O-O a6 6. Bxc6 bxc6 7. d3 f6 8. Be3 g5 9. Nxg5 fxg5 10. Qh5+ Kd8
11. Qxg5+ Be7 12. Qg7 Nf6 13. Qxh8+ Ne8 14. Qxh7 Bb7 15. h4 d5 16. h5 Kd7 17. Bg5 Kd8 18. Qg6 Bc8 19. h6 Qe5 20. Bxe7+ Kxe7
21. h7 Bb7 22. f4 Qh8 23. f5 Nf6 24. e5 Nxh7 25. Qxe6+ Kf8 26. f6 Re8 27. Qd6+ Kf7 28. Qd7+ Kf8 29. f7 Re7 30. Qd8+ Kg7
31. Qxe7
1-0

[Event "BLITZ!"]
[Site "SchemingMind.com"]
[Date "2012.03.17"]
[Round "-"]
[White "ChessHound"]
[Black "smothered mate"]
[Result "0-1"]
[WhiteCountry "FIN"]
[BlackCountry "POL"]
[WhiteElo "1416"]
[WhiteRD "217"]
[BlackElo "1994"]
[BlackRD "71"]
[GameID "305649"]

1. c4 e6 2. d4 d5 3. e3 c5 4. cxd5 exd5 5. Bb5+ Bd7 6. Qa4 Nc6 7. Nf3 a6 8. Bxc6 Bxc6 9. Qb3 Nf6 10. Nc3 Be7
11. Qc2 Rc8 12. a3 O-O 13. O-O Ne4 14. Nd2 cxd4 15. exd4 Nxc3 16. bxc3 Bb5 17. Re1 Bf6 18. Nf3 Qc7 19. Bb2 Rfe8 20. Qf5 Qc4
21. Ne5 Qb3 22. Rab1 Rc7 23. Re3 Rce7 24. Bc1 Qd1+
0-1

[Event "BLITZ!"]
[Site "SchemingMind.com"]
[Date "2012.03.18"]
[Round "-"]
[White "Dan Geana"]
[Black "ramesse"]
[Result "1/2-1/2"]
[WhiteCountry "ROU"]
[BlackCountry "SVK"]
[WhiteElo "2491"]
[WhiteRD "91"]
[BlackElo "2365"]
[BlackRD "66"]
[GameID "305807"]

1. Nf3 Nf6 2. c4 e6 3. g3 d5 4. Bg2 dxc4 5. Qa4+ Nbd7 6. Qxc4 c5 7. d3 a6 8. Qb3 Bd6 9. Nc3 O-O 10. O-O Rb8
11. Ng5 Qe7 12. Nge4 b6 13. Nxd6 Qxd6 14. Qa3 Qc7 15. Bf4 e5 16. Be3 Bb7 17. f3 Qd6 18. Qb3 Nd5 19. Ne4 Qe6 20. Bd2 h6
21. Rac1 Rfd8 22. Qc4 Qe7 23. Bh3 Nf8 24. Nf2 a5 25. a3 Ne6 26. Bxe6 Qxe6 27. Qg4 f5 28. Qc4 Nc7 29. g4 Qxc4 30. Rxc4 Bd5
31. Rcc1 Ne6 32. Rfe1 Nd4 33. gxf5 Bxf3 34. exf3 Nxf3+ 35. Kg2 Nxd2 36. Rxe5 Nb3 37. Rce1 Nd4 38. Ne4 Rf8 39. Rf1 Rf7 40. Nd6 Rf6
41. Ne4 Rf7 42. Nd6 Rff8 43. Ne4 Rbd8 44. f6 Rd7 45. Rh5 Rff7 46. Rf2 Nb3 47. fxg7 Rxf2+ 48. Kxf2 Kxg7 49. Ke3=
1/2-1/2

[Event "BLITZ!"]
[Site "SchemingMind.com"]
[Date "2012.03.18"]
[Round "-"]
[White "marooned"]
[Black "lennart"]
[Result "1-0"]
[WhiteCountry "CHI"]
[BlackCountry "SWE"]
[WhiteElo "1960"]
[WhiteRD "84"]
[BlackElo "1557"]
[BlackRD "52"]
[GameID "305809"]

1. d4 d5 2. c4 dxc4 3. Nf3 e6 4. e3 b5 5. g3 Bb4+ 6. Bd2 Bxd2+ 7. Qxd2 Qf6 8. Bg2 Bb7 9. Nc3 a6 10. O-O Ne7
11. Rfe1 O-O 12. e4 Nec6 13. Rad1 Qe7 14. d5 Nb4 15. Bf1 Rd8 16. a3 Nxd5 17. exd5 Rd6 18. Qg5 Qxg5 19. Nxg5 Nd7 20. dxe6 Nf6
21. exf7+ Kf8 22. Rxd6 cxd6 23. Bg2 Bxg2 24. Kxg2 h6 25. Ne6+ Kxf7 26. Nd4 Rd8 27. f4 d5 28. Kf3 Rd6 29. h3 Kg6 30. g4 h5
31. g5 Nh7 32. h4 Nf8 33. f5+ Kh7 34. Re8
1-0

[Event "BLITZ!"]
[Site "SchemingMind.com"]
[Date "2012.03.18"]
[Round "-"]
[White "ramesse"]
[Black "Dan Geana"]
[Result "1/2-1/2"]
[WhiteCountry "SVK"]
[BlackCountry "ROU"]
[WhiteElo "2365"]
[WhiteRD "66"]
[BlackElo "2491"]
[BlackRD "91"]
[GameID "305812"]

1. e4 e5 2. Nf3 Nc6 3. Bb5 Nf6 4. O-O Nxe4 5. d4 Nd6 6. Bxc6 dxc6 7. dxe5 Nf5 8. Qxd8+ Kxd8 9. Nc3 Ne7 10. h3 h6
11. Be3 Ke8 12. Rad1 Bd7 13. Rfe1 Rd8 14. Ne4 Bf5 15. Nc5 Rxd1 16. Rxd1 Bc8 17. Nd3 b6 18. Nf4 c5 19. Bd2 Bf5 20. c4 Ng6
21. Nxg6 Bxg6 22. Bf4 Bc2 23. Rd2 Be4 24. e6 Bd6 25. Bxd6 cxd6 26. Rxd6 Ke7 27. Rd7+ Kxe6 28. Rxa7 Ra8 29. Rxa8 Bxa8 30. Nd2 Ke5
31. f3 Kd4 32. Kf2 Kd3 33. Ke1 g5 34. b3 f5 35. Nf1 f4 36. Kd1=
1/2-1/2

[Event "BLITZ!"]
[Site "SchemingMind.com"]
[Date "2012.03.18"]
[Round "-"]
[White "lennart"]
[Black "marooned"]
[Result "0-1"]
[WhiteCountry "SWE"]
[BlackCountry "CHI"]
[WhiteElo "1577"]
[WhiteRD "53"]
[BlackElo "1966"]
[BlackRD "92"]
[GameID "305814"]

1. e4 d6 2. Nc3 g6 3. d4 Bg7 4. Nce2 Nf6 5. f3 O-O 6. g4 Nbd7 7. Be3 b6 8. Qd3 c5 9. d5 Ne5 10. Qd2 Nc4
11. Qc3 Nxe3 12. Qxe3 Ba6 13. O-O-O b5 14. Ng3 Qa5 15. Kb1 Nd7 16. c3 Rab8 17. Rd2 b4 18. N1e2 Ne5 19. Nc1 Bxf1 20. Nb3 Qa6
21. Rxf1 Nc4 22. Qe1 Nxd2+ 23. Nxd2 bxc3
0-1

[Event "BLITZ!"]
[Site "SchemingMind.com"]
[Date "2012.04.08"]
[Round "-"]
[White "marooned"]
[Black "Quaff"]
[Result "1-0"]
[WhiteCountry "CHI"]
[BlackCountry "ENG"]
[WhiteElo "1997"]
[WhiteRD "71"]
[BlackElo "1688"]
[BlackRD "84"]
[GameID "307708"]

1. d4 c6 2. c4 d6 3. Nc3 h6 4. e4 e6 5. f4 Nd7 6. Nf3 Ngf6 7. Be2 Nb6 8. O-O Be7 9. Be3 Bd7 10. Qd2 Ng4
11. c5 Nxe3 12. Qxe3 Nc8 13. Rad1 b6 14. cxd6 Nxd6 15. e5 Nf5 16. Qd3 Bb4 17. Ne4 b5 18. a3 Ba5 19. b4 Bc7 20. Kh1 Nh4
21. g3 Nxf3 22. Bxf3 Qe7 23. Rc1 O-O 24. Nc5 Bc8 25. Nb3 Bb7 26. Rfd1 Qe8 27. Rc2 Bb6 28. Rdc1 Rc8 29. Nd2 a6 30. Ne4 Bc7
31. Nc5 Rb8 32. Nxb7 Rxb7 33. Bxc6
1-0

[Event "BLITZ!"]
[Site "SchemingMind.com"]
[Date "2012.04.08"]
[Round "-"]
[White "Quaff"]
[Black "marooned"]
[Result "0-1"]
[WhiteCountry "ENG"]
[BlackCountry "CHI"]
[WhiteElo "1688"]
[WhiteRD "84"]
[BlackElo "1997"]
[BlackRD "71"]
[GameID "307712"]

1. e4 d6 2. f4 g6 3. Nf3 Bg7 4. c3 Nf6 5. d3 c5 6. Be2 Nc6 7. Be3 O-O 8. O-O e6 9. Nbd2 b5 10. h3 b4
11. Rb1 Nd7 12. c4 Ne7 13. b3 Bb7 14. Nh2 d5 15. e5 a5 16. Ndf3 d4 17. Bf2 Rb8 18. Bh4 Qe8 19. Ng4 Nf5 20. Bf2 h5
21. Ngh2 Nb6 22. Qd2 Bc6 23. Nh4 a4 24. Nxf5 exf5 25. Bf3 Bxf3 26. Nxf3 axb3 27. axb3 Ra8 28. Ra1 Ra3 29. Qc2 Qa8 30. Qb2 Bh6
31. g3 Qxf3 32. Rxa3 bxa3 33. Qxa3 Qc6 34. b4 Ra8 35. Qb3 Bf8 36. b5 Qb7 37. Rb1 Ra5 38. Be1 Ra7 39. Qc2 Qa8 40. Qe2 Qc8
41. Bd2 Ra2 42. Re1 Na4 43. Qd1 Qa8 44. e6 Nc3 45. exf7+ Kxf7 46. Qc1 Ne2+ 47. Rxe2 Ra1 48. Qxa1 Qxa1+ 49. Kf2 Qd1
0-1

[Event "BLITZ!"]
[Site "SchemingMind.com"]
[Date "2012.04.09"]
[Round "-"]
[White "Clive Everill"]
[Black "smothered mate"]
[Result "0-1"]
[WhiteCountry "CZE"]
[BlackCountry "POL"]
[WhiteElo "1791"]
[WhiteRD "54"]
[BlackElo "1967"]
[BlackRD "65"]
[GameID "307904"]

1. e4 c5 2. Nf3 d6 3. d4 cxd4 4. Nxd4 Nf6 5. Nc3 g6 6. Be3 Bg7 7. f3 a6 8. Qd2 Nbd7 9. O-O-O b5 10. Bh6 Bxh6
11. Qxh6 Bb7 12. Kb1 b4 13. Nce2 e5 14. Nb3 Qb6 15. Ng3 Ke7 16. Bc4 Rhc8 17. Nd2 a5 18. Qg7 Rf8 19. h4 h5 20. Ndf1 Rac8
21. Bb3 a4 22. Bxa4 Nc5 23. Bb3 Nxb3 24. cxb3 Rh8 25. Nf5+ gxf5 26. Qg3 fxe4 27. fxe4 Bxe4+ 28. Ka1 Qa6 29. a4 bxa3 30. Ne3 axb2+
31. Kxb2 Qe2+ 32. Ka3 Ra8+ 33. Kb4 Rhb8+ 34. Kc3 Rxb3+ 35. Kxb3 Qa2+ 36. Kc3 Rc8+ 37. Kb4 Qb2+
0-1

[Event "BLITZ!"]
[Site "SchemingMind.com"]
[Date "2012.04.09"]
[Round "-"]
[White "smothered mate"]
[Black "Clive Everill"]
[Result "1-0"]
[WhiteCountry "POL"]
[BlackCountry "CZE"]
[WhiteElo "1981"]
[WhiteRD "67"]
[BlackElo "1809"]
[BlackRD "55"]
[GameID "307910"]

1. e4 c5 2. Nf3 Nc6 3. c3 Nf6 4. e5 Nd5 5. d4 cxd4 6. cxd4 d6 7. exd6 Qxd6 8. Nc3 g6 9. Bc4 Nb6 10. Bb3 Bg7
11. O-O O-O 12. d5 Na5 13. Nb5 Qc5 14. Nbd4 Nxd5 15. Bc2 Bg4 16. Nb3 Nxb3 17. Bxb3 Rfd8 18. Qe2 e6 19. Bg5 Re8 20. Rac1 Qd6
21. Rfd1 Bxf3 22. Qxf3 Bxb2 23. Rc2 Bg7 24. h4 h6 25. Bc1 Qb4 26. Rc4 Qa5 27. h5 g5 28. Bd2 Qb6 29. Bc2 Rab8 30. g4 Qa6
31. Qd3 Nf6 32. Bc3 e5 33. Bb3 e4 34. Qg3 b5 35. Rc7 Rb7 36. Bxf7+ Kh8 37. Bxf6 Bxf6 38. Bxe8 Rxc7 39. Qxc7 Qxa2 40. Bg6 Qg8
41. Rd7
1-0

[Event "BLITZ!"]
[Site "SchemingMind.com"]
[Date "2012.04.20"]
[Round "-"]
[White "NYNH"]
[Black "e_safarz"]
[Result "0-1"]
[WhiteCountry "USA"]
[BlackCountry "CAN"]
[WhiteElo "2050"]
[WhiteRD "71"]
[BlackElo "2453"]
[BlackRD "62"]
[GameID "308578"]

1. d4 Nf6 2. c4 g6 3. Nc3 Bg7 4. e4 d6 5. f3 O-O 6. Be3 e5 7. dxe5 dxe5 8. Qxd8 Rxd8 9. Nd5 Nxd5 10. cxd5 c6
11. Bc4 b5 12. Bb3 Bb7 13. O-O-O cxd5 14. Bxd5 Bxd5 15. exd5 Nd7 16. Ne2 Nf6 17. Nc3 b4 18. Nb5 Rxd5 19. Rxd5 Nxd5 20. Bxa7 b3
21. a3 Rc8+ 22. Kb1 Rc2 23. Rc1 Rxg2 24. Rc8+ Bf8 25. Bc5 Rxh2 26. Rxf8+ Kg7 27. Kc1 Rc2+ 28. Kd1 Rxc5 29. Rb8 Rc2 30. Nd6 Rxb2
31. Nc4 Rc2 32. Nxe5 Nc3+ 33. Ke1 b2 34. Nd3 b1=Q+ 35. Rxb1 Nxb1 36. a4 Nc3 37. a5 Ra2
0-1

[Event "BLITZ!"]
[Site "SchemingMind.com"]
[Date "2012.04.19"]
[Round "-"]
[White "e_safarz"]
[Black "NYNH"]
[Result "1-0"]
[WhiteCountry "CAN"]
[BlackCountry "USA"]
[WhiteElo "2453"]
[WhiteRD "62"]
[BlackElo "2050"]
[BlackRD "71"]
[GameID "308579"]

1. c4 e5 2. Nc3 Nf6 3. g3 d5 4. cxd5 Nxd5 5. Bg2 Nb6 6. Nf3 Nc6 7. O-O Be7 8. a3 O-O 9. b4 Be6 10. Rb1 f6
11. d3 Nd4 12. Nd2 c6 13. Nde4 Bf7 14. Nc5 Qc7 15. e3 Ne6 16. N3e4 Nxc5 17. Nxc5 Nd5 18. Qc2 Rad8 19. e4 Bxc5 20. bxc5 Ne7
21. Be3 Be6 22. Rb2
1-0

[Event "BLITZ!"]
[Site "SchemingMind.com"]
[Date "2012.05.19"]
[Round "-"]
[White "e_safarz"]
[Black "emvarela"]
[Result "1-0"]
[WhiteCountry "CAN"]
[BlackCountry "ARG"]
[WhiteElo "2434"]
[WhiteRD "65"]
[BlackElo "1740"]
[BlackRD "47"]
[GameID "310448"]

1. d4 Nf6 2. Nf3 d5 3. c4 g6 4. cxd5 Nxd5 5. e4 Nb6 6. h3 Bg7 7. Nc3 O-O 8. Be2 Nc6 9. Be3 Bd7 10. O-O e5
11. d5 Ne7 12. Qb3 Kh8 13. Bc5 c6 14. a4 cxd5 15. a5 dxe4 16. Ng5 Be8 17. axb6 a6 18. Rfd1
1-0

[Event "BLITZ!"]
[Site "SchemingMind.com"]
[Date "2012.05.19"]
[Round "-"]
[White "emvarela"]
[Black "e_safarz"]
[Result "0-1"]
[WhiteCountry "ARG"]
[BlackCountry "CAN"]
[WhiteElo "1740"]
[WhiteRD "47"]
[BlackElo "2434"]
[BlackRD "65"]
[GameID "310451"]

1. e4 c5 2. Nf3 d6 3. d4 cxd4 4. Nxd4 Nf6 5. Nc3 a6 6. Be3 e5 7. Nb3 Be6 8. Qd2 Nbd7 9. f3 Be7 10. g4 O-O
11. O-O-O b5 12. g5 b4 13. gxf6 bxc3 14. Qxc3 Nxf6 15. Na5 Rc8 16. Nc6 Qd7 17. Nxe7+ Qxe7 18. Qa3 Rc6 19. h4 Qc7 20. Bd3 Rb8
21. b3 d5 22. Rd2 Rc3 23. Rg1 dxe4 24. fxe4 Bxb3
0-1

[Event "BLITZ!"]
[Site "SchemingMind.com"]
[Date "2012.05.31"]
[Round "-"]
[White "smothered mate"]
[Black "marooned"]
[Result "1/2-1/2"]
[WhiteCountry "POL"]
[BlackCountry "CHI"]
[WhiteElo "1979"]
[WhiteRD "65"]
[BlackElo "1986"]
[BlackRD "72"]
[GameID "311466"]

1. d4 Nf6 2. c4 e6 3. a3 b6 4. Nc3 Bb7 5. e3 d5 6. Nf3 c5 7. dxc5 Bxc5 8. b4 Be7 9. Bb2 O-O 10. cxd5 Nxd5
11. Bd3 Bf6 12. Qc2 Nxc3 13. Bxc3 Bxc3+ 14. Qxc3 Nc6 15. Rd1 Qe7 16. O-O Rac8 17. Bb1 a6 18. Qd3 g6 19. Qd7 Rfd8 20. Qxe7 Nxe7
21. Ne5 Nd5 22. Bd3 b5 23. Be4 f5 24. Bf3 Ba8 25. h4 Rc3 26. Ra1 Kg7 27. Rfc1 Rdc8 28. Nd3 Rxc1+ 29. Rxc1 Rxc1+ 30. Nxc1 e5
31. Bxd5 Bxd5 32. Nd3 Kf6 33. Nc5 h6 34. Nxa6 g5 35. hxg5+ hxg5 36. Nc5 Bc4 37. e4 f4 38. f3 Ke7 39. a4 bxa4 40. Nxa4 Kd6
41. Nc3 Kc6 42. Kf2 Kd6 43. Nb1 Kc6 44. Na3 Ba6 45. g4 Bd3=
1/2-1/2

[Event "BLITZ!"]
[Site "SchemingMind.com"]
[Date "2012.05.31"]
[Round "-"]
[White "marooned"]
[Black "smothered mate"]
[Result "0-1"]
[WhiteCountry "CHI"]
[BlackCountry "POL"]
[WhiteElo "1984"]
[WhiteRD "72"]
[BlackElo "1978"]
[BlackRD "63"]
[GameID "311470"]

1. d4 d5 2. c4 e6 3. Nc3 c5 4. dxc5 d4 5. Ne4 Nc6 6. Nf3 f5 7. Nd6+ Bxd6 8. cxd6 Qxd6 9. e3 Qb4+ 10. Bd2 Qxb2
11. Rb1 Qxa2 12. Nxd4 Nf6 13. Bd3 Qa3 14. Bc2 Nxd4 15. exd4 Qd6 16. Bb4 Qc7 17. Bb3 a5 18. Ba3 Kf7 19. O-O Ng4 20. g3 Rd8
21. Re1 e5 22. c5+ Kg6 23. d5 a4 24. Ba2 Be6 25. Rb6 Ra6 26. Rxa6 bxa6 27. d6 Qf7 28. Bxe6 Qxe6 29. Qxa4 Qa2 30. Rf1 Rb8
31. h3 Nf6 32. Qxa6 Rb3 33. d7 Rxa3 34. Qxa3 Qxa3 35. d8=Q Qxc5 36. h4 f4 37. gxf4 exf4 38. Qd2 Qf5 39. Qe2 f3
0-1

[Event "BLITZ!"]
[Site "SchemingMind.com"]
[Date "2012.08.09"]
[Round "-"]
[White "smothered mate"]
[Black "e_safarz"]
[Result "0-1"]
[WhiteCountry "POL"]
[BlackCountry "CAN"]
[WhiteElo "1999"]
[WhiteRD "63"]
[BlackElo "2451"]
[BlackRD "74"]
[GameID "315513"]

1. d4 Nf6 2. c4 g6 3. Nc3 Bg7 4. Nf3 O-O 5. e3 d5 6. cxd5 Nxd5 7. Be2 c5 8. O-O Nc6 9. dxc5 Nxc3 10. bxc3 Qxd1
11. Rxd1 Bxc3 12. Rb1 Bb4 13. Nd4 Bxc5 14. Nxc6 bxc6 15. Bf3 Be6 16. Bxc6 Bxa2 17. Rb5 Rad8 18. Bd2 Bb6 19. Rb2 Be6 20. Bf3 Rb8
21. Bc3 f6 22. g3 Rfc8 23. Bd2 Kf7 24. Kg2 Bc5 25. Rxb8 Rxb8 26. Rc1 Rb2 27. Rxc5 Rxd2 28. Rc7 Ra2 29. h4 a5 30. h5 a4
31. hxg6+ hxg6 32. Ra7 a3 33. Ra6 Ra1 34. Be4 a2 35. Kf3 Rc1
0-1

[Event "BLITZ!"]
[Site "SchemingMind.com"]
[Date "2012.08.09"]
[Round "-"]
[White "e_safarz"]
[Black "smothered mate"]
[Result "1-0"]
[WhiteCountry "CAN"]
[BlackCountry "POL"]
[WhiteElo "2451"]
[WhiteRD "74"]
[BlackElo "1999"]
[BlackRD "63"]
[GameID "315516"]

1. e4 c5 2. Nf3 d6 3. d4 cxd4 4. Nxd4 Nf6 5. Nc3 g6 6. f3 Bg7 7. Be3 O-O 8. Qd2 Nc6 9. Bc4 Bd7 10. O-O-O Qb8
11. Nd5 Nxd5 12. Bxd5 Nxd4 13. Bxd4 Bc6 14. h4 h5 15. g4 Bxd5 16. exd5 Bxd4 17. Qxd4 hxg4 18. h5 g5 19. Rdg1 f5 20. fxg4 f4
21. h6 Rf6 22. Rh5 Qf8 23. Rxg5+ Kf7 24. Rg7+ Ke8 25. g5
1-0